| 000 | 01396nam a2200313 i 4500 | ||
|---|---|---|---|
| 001 | 768714001 | ||
| 003 | CO-MdFUSB | ||
| 005 | 20220221155949.0 | ||
| 007 | ta | ||
| 008 | 211112t2006 sp |||| |||| 00| 0 spa d | ||
| 020 | _a9788467511505 | ||
| 040 |
_aCO-MdFUSB _bspa _cCO-MdFUSB _dCO-MdFUSBC _erda |
||
| 041 | _apor | ||
| 082 |
_223 _a808.0461 _bSI572 |
||
| 100 |
_aSierra i Fabra, Jordi, _eautor |
||
| 245 | 1 | 3 |
_aLa página escrita : _bcómo escribir, crear personajes, hacer un guión, buscar la técnica más adecuada para cada relato, construir diálogos, encontrar el estilo y todo lo relativo al arte de encadenar palabras, según uno de los maestros de la literatura inantil y juvenil actual. _c/ Jordi Sierra i Fabra |
| 264 | 1 |
_aMadrid, España : _bEdiciones SM, _c[2006] |
|
| 264 | 4 | _c© 2006 | |
| 300 |
_a340 páginas _c; 22 cm |
||
| 336 |
_2rdacontent _atexto _btdi |
||
| 337 |
_2rdamedia _asin mediación _bn |
||
| 338 |
_2rdacarrier _avolumen _bnc |
||
| 505 | _aLa singularidad de la palabra escrita. -- Los géneros literarios. -- El comienzo: de la idea a los motores básicos de la creación literaria. -- Los personajes. -- El guión. -- Las bases de la escritura. -- El diálogo. -- La narración. -- Los complementos. | ||
| 563 | _aRústico | ||
| 650 | 7 |
_9503 _aLiteratura hispanoamericana _xTécnica |
|
| 653 | _aManuales de estilo | ||
| 942 | _cBK | ||
| 945 | _aJTF-925 | ||
| 999 |
_c67009 _d67009 |
||